Ballon d'or 1992 - Statistiques

Statistiques générales
  • Ce quiz a été pris 44 fois
  • Le résultat moyen est 7 sur 22
Statistiques - réponses
Rang Joueurs Nationalité Ponits % Correct
1 Marco van Basten Pays-Bas 98
91%
6 Brian Laudrup Danemark 32
66%
Jean-Pierre Papin France 2
66%
7 Michael Laudrup Danemark 22
66%
5 Peter Schmeichel Danemark 41
59%
Paolo Maldini Italie 3
53%
3 Dennis Bergkamp Pays-Bas 53
47%
10 Frank Rijkaard Pays-Bas 8
44%
20 Franco Baresi Italie 1
41%
2 Hristo Stoitchkov Bulgarie 80
38%
8 Ronald Koeman Pays-Bas 14
34%
Tomas Brolin Suède 2
16%
Enzo Scifo Belgique 8
13%
16 Henrik Andersen Danemark 2
13%
Andreas Herzog Autriche 1
9%
9 Stéphane Chapuisat Suisse 10
9%
4 Thomas Häßler Allemagne 42
9%
David Platt Angleterre 2
6%
13 Henrik Larsen Danemark 4
6%
12 Flemming Povlsen Danemark 6
3%
14 John Jensen Danemark 3
3%
Rune Bratseth Norvège 1
3%
Aucun quiz correspondant
Distribution des résultats
% des personnes avec chaque résultat
Percentile par nombre de réponses
Votre historique - résultats
Vous n’avez pas pris ce quiz